World War II Presidents Quiz Stats

 Plays Quiz Updated Dec 10, 2017

Challenge
Share
Tweet
Embed
Score 0/11 Timer 04:00
6 Plays Today
% Correct
Franklin D. Roosevelt
92.3%
Dwight D. Eisenhower
91.3%
John F. Kennedy
89.5%
Harry S. Truman
88.3%
George H.W. Bush
87.2%
Gerald Ford
82.4%
Jimmy Carter
82.1%
Richard Nixon
81.7%
Lyndon B. Johnson
77.7%
Ronald Reagan
75.4%
Herbert Hoover
68.3%

You're not logged in!

Compare scores with friends on all Sporcle quizzes.
Join for Free
OR
Log In

You Might Also Like...

Show Comments

Extras

Top Quizzes Today


Score Distribution

Your Account Isn't Verified!

In order to create a playlist on Sporcle, you need to verify the email address you used during registration. Go to your Sporcle Settings to finish the process.

Report this User

Report this user for behavior that violates our Community Guidelines.

Details: